| 000 | 00429nam a22001697a 4500 | ||
|---|---|---|---|
| 005 | 20251108174528.0 | ||
| 008 | 250721s2005 xx 000 0 ara d | ||
| 020 | _a00000 | ||
| 082 | 1 | 4 | _a210.4301412/ شاد |
| 100 | 1 | _aالشادي، صالح | |
| 245 | 1 | 0 | _aرسول الشيطان / |
| 264 | 1 |
_aد.م : _bد.ن، _c2005. |
|
| 300 | _a223ص. | ||
| 490 | 0 |
_aسلطة ابليس _v5 |
|
| 942 |
_2ddc _cBK |
||
| 999 |
_c111465 _d111465 |
||